=LDR 00000nam 2200000 4500 =001 NUTBA000000000002045 =005 20140531134550.0 =006 =007 =008 =020 ##$$a 979-8433-66-4 =035 ##$$a 0010-051400000000510 =082 ##$$a 910 =100 ##$$a happy marpaung =245 ##$$a pengantar pariwisata =260 ##$$a bandung $b alfaberta $c 2002 =850 ##$$a NBPNMAT =990 ##$$a 21400613/BPAP-NTB/20142014 =990 ##$$a 21400613/BPAP-NTB/20142014